Most White Countries in the Americas Quiz (with map) - Statistics

General Stats
  • This quiz has been taken 533 times
    415 since last reset
  • The average score is 9 of 10
Answers on the Map
Answers color-coded by a green-red scale on the quiz's map according to % correct below.
 
Answer Stats
% Country % Correct
77 United States
99%
76 Canada
98%
85 Argentina
96%
53 Chile
93%
47 Mexico
91%
48 Brazil
89%
64 Cuba
85%
88 Uruguay
81%
42 Venezuela
64%
83 Costa Rica
55%
No matching quizzes found
Score Distribution
Percent of People with Each Score
Percentile by Number Answered
Your Score History
You have not taken this quiz since the last reset